Célébrités dans la sauce - Statistiques

Statistiques générales
  • Ce quiz a été pris 374 fois
  • Le résultat moyen est 10 sur 22
Answers on the Grid
Answers color-coded by a green-red scale on the quiz's grid according to % correct below.
Roman Polansky
Mimi Mathy
Gerard Depardieu
Charlie Chapelin
Jared Leto
Moha la squale
Yoan B
Nekfeu
Chris brown
Maeva Ghennam
Ellen DeGeneres
Ye (Kanye West)
Jimmy Fallon
Amber Heard
Norman
Jean Marie Bigard
Nagui
Laurent Baffie
Thierry Ardisson
Benjamin Castaldi
P Diddy
Marine le Pen
Patrice Evra
Omar si
Jennifer Lawrence
Keanu Reeves
John Cena
Ed Sheeran
N'golo Kante
Aya
Theodora
Andrew Garfield
 
Statistiques - réponses
Réponse % Correct
P Diddy
77%
Marine le Pen
76%
Gerard Depardieu
73%
Norman
72%
Ye (Kanye West)
68%
Nekfeu
62%
Maeva Ghennam
59%
Moha la squale
59%
Roman Polansky
59%
Thierry Ardisson
56%
Jean Marie Bigard
54%
Amber Heard
50%
Chris brown
43%
Laurent Baffie
43%
Benjamin Castaldi
42%
Ellen DeGeneres
35%
Nagui
25%
Charlie Chapelin
24%
Jared Leto
23%
Mimi Mathy
19%
Jimmy Fallon
11%
Yoan B
8%
Aucun quiz correspondant
Distribution des résultats
% des personnes avec chaque résultat
Percentile par nombre de réponses
Votre historique - résultats
Vous n’avez pas pris ce quiz